| 000 | 01140nam a2200313 i 4500 | ||
|---|---|---|---|
| 001 | 70240 | ||
| 003 | Mx-PuUPA | ||
| 005 | 20230719104330.0 | ||
| 008 | 230719s2018 sp ad||| |||| 00| 0 spa d | ||
| 017 | _aM-4793-2018 | ||
| 020 | _a9788416898510 | ||
| 040 |
_aMx-PuUPA _bspa _cMx-PuUPA _dMx-PuUPA _erda |
||
| 041 | 0 | _aspa | |
| 245 | 0 | 0 |
_aFundamentos de biotecnología farmacéutica / _cHumberto Martín Brieva, coordinador |
| 264 | 1 |
_aMadrid, España : _bDextra Editorial, _c2018 |
|
| 300 |
_a458 páginas : _bilustraciones, diagramas, tablas ; _c25 cm |
||
| 336 |
_2rdacontent _atexto _btxt |
||
| 337 |
_2rdamedia _asin medio _bn |
||
| 338 |
_2rdacarrier _avolumen _bnc |
||
| 650 | 7 |
_2armarc _aBiotecnología farmacéutica |
|
| 650 | 7 |
_2armarc _aFarmacología |
|
| 650 | 7 |
_2armarc _aIndustria farmacéutica |
|
| 650 | 7 |
_2armarc _aMedicamentos _xBiotecnología |
|
| 700 | 1 |
_aMartín Brieva, Humberto, _914513 _ecoordinador |
|
| 942 |
_2ddc _cLI _h615.19 _iF975 |
||
| 999 |
_c70240 _d70240 |
||